=LDR 00000nam 2200000 4500 =001 INLIS000000000046874 =005 20150523105832.0 =006 =007 =008 =035 ##$$0010-051500000000133 =082 ##$$a 028.5 =090 ##$$a 028.5 sur a =100 ##$$a suryaning wulan =245 ##$$a air dari langit =260 ##$$a taman kanak - kanak =300 ##$$a 36 hlm. =850 ##$$a NBPDMAT =990 ##$$a 0001/BPAP-NTB/20142015